Manager's Path (Record no. 350835)

MARC details
000 -LEADER
fixed length control field 00497nam a2200169Ia 4500
008 - FIXED-LENGTH DATA ELEMENTS--GENERAL INFORMATION
fixed length control field 230718s9999 xx 000 0 und d
020 ## - INTERNATIONAL STANDARD BOOK NUMBER
International Standard Book Number 9789352135479
041 ## - LANGUAGE CODE
Language code of text/sound track or separate title eng
082 ## - DEWEY DECIMAL CLASSIFICATION NUMBER
Classification number 658.409
Item number FOU
100 ## - MAIN ENTRY--PERSONAL NAME
Personal name Fournier C.
9 (RLIN) 201950
245 ## - TITLE STATEMENT
Title Manager's Path
Remainder of title A Guide For Tech Leaders Navigating Growth And Change
260 ## - PUBLICATION, DISTRIBUTION, ETC. (IMPRINT)
Date of publication, distribution, etc. 2019
Name of publisher, distributor, etc. SPD / O'reilly
300 ## - PHYSICAL DESCRIPTION
Extent 226
365 ## - TRADE PRICE
Currency code Rs.
Price amount 650.00
700 ## - ADDED ENTRY--PERSONAL NAME
Personal name Fournier C.
9 (RLIN) 201950
906 ## - LOCAL DATA ELEMENT F, LDF (RLIN)
d O:0689124-Jan-2020B:560704-Jan-2020
c COMP
b 162.5
Holdings
Withdrawn status Lost status Damaged status Not for loan Home library Current library Date acquired Vendor Budget Code Cost, normal purchase price Bill number Total Checkouts Full call number Barcode Date last seen Discount Cost, replacement price Bill Date Koha item type Original Barcode
        Cummins College of Engineering for Women Pune Cummins College of Engineering for Women Pune 24/01/2020 Technical Book Services COMP 487.50 5607   658.409 CCEP-BK-62042 18/07/2023 162.5 650.00 04/01/2020 Books 062042